LDR 00629naa#a2200169#i#450# 001 EN\\bibl\121728 005 20260429220705.3 011 ## _a3034-4689 100 ## _a20260424b2026####ek#y0engy0150####ca 102 ## _aRU 200 1# _aMOLECULAR STRUCTURES AND THERMODYNAMICAL CHARACTERISTICS OF M(V) (M= V, CR, MN, FE) MACROCYCLIC COMPLEXES CONSISTING [BENZO]ANNELATED PORPHYRAZINES AND NITRIDO LIGANDS: ANALYSIS USING DENSITY FUNCTIONAL THEORY _eJournal article 210 1# _aKazan _cKazan National Research Technological University _d2026 215 ## _a10 с. 608 ## _aJournal article _2local 700 #1 _a _g 700 #1 _a _g 856 4# _avestniktu.ru _u